Double taxation relief order between Malaysia and other countries 1993.
| Format: | Book |
|---|---|
| Published: |
Kuala Lumpur:
MDC,
1993.
|
| Subjects: |
| LEADER | 00454cam a2200157 7i4500 | ||
|---|---|---|---|
| 001 | 0000003039 | ||
| 005 | 19991025090000.0 | ||
| 002 | ##000004362 | ||
| 020 | 0 | 0 | |a 967-70-01620 |
| 090 | 0 | 0 | |a M 336.294 |b DOU |
| 245 | 0 | 0 | |a Double taxation relief order between Malaysia and other countries 1993. |
| 260 | 0 | 0 | |a Kuala Lumpur: |b MDC, |c 1993. |
| 300 | 0 | 0 | |a 672 p.. |
| 650 | 0 | 0 | |a Double taxation |
| 651 | 0 | 0 | |a Malaysia |
| 999 | |a 0000004252 |b Book |c Open shelf |e Business Information Centre | ||


